000
00202 a2200097 4500
001
7855
100
_a
Robertson,
245
_a
Introduction to optics
260
_a
_b
D Van Nost
_c
090
_c
6303
_d
6303
942
_a
NUST-CAE
_c
M
_c
32827
999
_c
242928
_d
242928